Normal view
MARC view
- SETHI, R
Entry Personal Name
001 - CONTROL NUMBER
- control field: 55379
003 - CONTROL NUMBER IDENTIFIER
- control field: NUST
005 - DATE AND TIME OF LATEST TRANSACTION
- control field: 20210617103302.0
008 - FIXED-LENGTH DATA ELEMENTS
- fixed length control field: 210617|| aca||aabn | a|a d
040 ## - CATALOGING SOURCE
- Original cataloging agency: NUST
- Transcribing agency: NUST
100 ## - HEADING--PERSONAL NAME
- Personal name: SETHI, R
670 ## - SOURCE DATA FOUND
- Source citation: Work cat.: (NUST): SETHI, R., PROGRAMMING LANGUAGES /, 2004.
